=LDR 00000nam 2200000 4500 =001 INLIS000000000052055 =005 20200303104510 =035 ##$$a 0010-0118000243 =007 ta =008 200303################g##########0#ind## =020 ##$$a 979 - 98406 - 57 - 9 =082 ##$$a 297.412 =084 ##$$a 297.412 ABU m =100 #$$a Abu Malikah al - Husnayaini =245 1#$$a Menyingkap rahasia di balik sujud /$c Abu Malikah al - Husnayaini; editor, Nurul Khotimah =250 ##$$a cet,2 =260 ##$$a Surakarta :$b Sahara books,$c 2014 =300 ##$$a 142 hlm. : $b ilus ; $c 14 x 20 cm. =650 #4$$a Shalat =700 #$$a Nurul Chotimah =504 ##$$a Bibliografi : hlm. 139 - 142 =990 ##$$a 21706325 =990 ##$$a 21706324 =990 ##$$a 21706323 =990 ##$$a 21706322 =990 ##$$a 21706321 =990 ##$$a 0001/BPAP-NTB/2016 =990 ##$$a 21706325 =990 ##$$a 21706324 =990 ##$$a 21706323 =990 ##$$a 21706322 =990 ##$$a 21706321 =990 ##$$a 2090101262/BPAP-NTB/2015 =990 ##$$a 0001/BPAP-NTB/2016 =990 ##$$a 21706325 =990 ##$$a 21706324 =990 ##$$a 21706323 =990 ##$$a 21706322 =990 ##$$a 21706321 =990 ##$$a 2090101262/BPAP-NTB/2015 =990 ##$$a 0001/BPAP-NTB/2016 =990 ##$$a 21706325 =990 ##$$a 21706324 =990 ##$$a 21706323 =990 ##$$a 21706322 =990 ##$$a 21706321 =990 ##$$a 21706324 =990 ##$$a 2090101262/BPAP-NTB/2015 =990 ##$$a 0001/BPAP-NTB/2016 =990 ##$$a 21706325 =990 ##$$a 21706323 =990 ##$$a 21706322 =990 ##$$a 21706321 =990 ##$$a 20800001 =990 ##$$a 2090101262/BPAP-NTB/2015 =990 ##$$a 21706325 =990 ##$$a 21706324 =990 ##$$a 21706323 =990 ##$$a 21706322 =990 ##$$a 21706321 =990 ##$$a 20800003 =990 ##$$a 20800001 =990 ##$$a 21706325 =990 ##$$a 21706324 =990 ##$$a 21706323 =990 ##$$a 21706322 =990 ##$$a 21706321 =990 ##$$a 20800001 =990 ##$$a 20800003 =990 ##$$a 21706325 =990 ##$$a 21706324 =990 ##$$a 21706323 =990 ##$$a 21706322 =990 ##$$a 21706321 =990 ##$$a 21195992/BPAP-NTB/2014 =990 ##$$a 20800003 =990 ##$$a 20800001 =990 ##$$a 21706325 =990 ##$$a 21706324 =990 ##$$a 21706323 =990 ##$$a 21706322 =990 ##$$a 21706321 =990 ##$$a 20800004 =990 ##$$a 20800003 =990 ##$$a 20800001 =990 ##$$a 21706325 =990 ##$$a 21706324 =990 ##$$a 21706323 =990 ##$$a 21706322 =990 ##$$a 21706321 =990 ##$$a 20800001 =990 ##$$a 20800004 =990 ##$$a 20800003 =990 ##$$a 21706325 =990 ##$$a 21706324 =990 ##$$a 21706323 =990 ##$$a 21706322 =990 ##$$a 21706321 =990 ##$$a 20800003 =990 ##$$a 20800004 =990 ##$$a 20800001 =990 ##$$a 21706325 =990 ##$$a 21706324 =990 ##$$a 21706323 =990 ##$$a 21706322 =990 ##$$a 21706321 =990 ##$$a 20800004 =990 ##$$a 20800003 =990 ##$$a 20800001 =990 ##$$a 21706325 =990 ##$$a 21706324 =990 ##$$a 21706323 =990 ##$$a 21706322 =990 ##$$a 21706321